| 000 | 00846cam a2200277 4500 | ||
|---|---|---|---|
| 999 |
_c130361 _d130361 |
||
| 001 | 2179775 | ||
| 003 | ARRUPE | ||
| 005 | 20200212114345.0 | ||
| 008 | 710128s1970 nyu b 001 0 engs | ||
| 010 | _a 69014291 | ||
| 040 |
_aDLC _cDLC _dDLC |
||
| 043 |
_aa------ _af------ |
||
| 050 | 0 | 0 |
_aDS33.1 _b.K4 1974 |
| 082 | 0 | 0 | _a320.54/095 |
| 100 | 1 |
_aKedourie, Elie, _945028 |
|
| 245 | 1 | 0 |
_aNationalism in Asia and Africa. _cEdited and with an introd. by Elie Kedourie. |
| 260 |
_aLondon, _bFrank Cass. _c1974 |
||
| 300 |
_aviii, 573 p. _c21 cm. |
||
| 350 | _a$10.00 | ||
| 500 | _a"An NAL book." | ||
| 504 | _aIncludes bibliographical references. | ||
| 650 | 0 |
_aNationalism _zAsia. _xAddresses _949526 |
|
| 650 | 0 |
_aNationalism _zAfrica. _xAddresses _949527 |
|
| 906 |
_a7 _bcbc _corignew _d2 _eocip _f19 _gy-gencatlg |
||
| 942 |
_2lcc _cMONOGRAPH |
||